Multivariable calculus with engineering and science applications
Saved in:
| Main Author: | |
|---|---|
| Other Authors: | |
| Format: | Book |
| Language: | English |
| Published: |
Upper Saddle River, NJ :
Prentice-Hall,
1996
|
| Edition: | Prelim. version |
| Subjects: | |
| Tags: |
Add Tag
No Tags, Be the first to tag this record!
|
MARC
| LEADER | 00000nam a2200000 i 4500 | ||
|---|---|---|---|
| 001 | 1/105926 | ||
| 008 | 000329s1996 eng d | ||
| 020 | |a 0-13-045279-3 | ||
| 035 | |l 10059436 | ||
| 040 | |a GR-MY-UA |b gre |e aacr | ||
| 041 | 0 | |a eng | |
| 082 | 0 | |a 515 | |
| 100 | 1 | |a Anselone, Philip M. | |
| 245 | 1 | 0 | |a Multivariable calculus with engineering and science applications / |c Philip M. Anselone, John W. Lee |
| 250 | |a Prelim. version | ||
| 260 | |a Upper Saddle River, NJ : |b Prentice-Hall, |c 1996 | ||
| 300 | |a xi, 577, A32 p.; |b ill.; |c 26 cm. | ||
| 504 | |a Includes index | ||
| 650 | 0 | 0 | |a Calculus. |
| 700 | 1 | |a Lee, John W. |d 1942- | |
| 852 | |a INST |b SAMOS |e 20000329 |h 515.84 ANS |p 005300017816 |q 005300017816 |t BK |y 0 | ||
| 901 | |a BIBL3-2000-1 | ||
| 909 | |a Σ |b 076914 | ||
| 922 | |a 3ΕΛΗ |b 200003 |c ΚΠΣ |d ΠΑΠΑΣΩΤΗΡΙΟΥ | ||
| 950 | |a 116-2000-01-10 | ||
| 970 | |a ΚΟΣΙΕΡΗΣ |b ΧΡΗΣΤΟΣ |z 2000/04/17 | ||